Statistiche per Città attraversate da grandi fiumi - Africa

Clicka qui per fare il quiz!

Statistiche generali

  • Questo quiz è stato fatto 33 volte
  • Il punteggio medio è 10 su 11

Statistiche sulle risposte

CittàFiume% Corretto
Il Cairo (Egitto)Nilo (6852 km)
100%
Alessandria d'Egitto (Egitto)Nilo (6852 km)
100%
Khartum (Sudan)Nilo (6852 km)
100%
Giuba (Sud Sudan)Nilo Bianco (3700 km)
100%
Kinshasa (Rep. Dem. del Congo)Congo (4374 km)
92%
Brazzaville (Rep. del Congo)Congo (4374 km)
92%
Bamako (Mali)Niger (4184 km)
88%
Timbuktu (Mali)Niger (4184 km)
88%
Niamey (Niger)Niger (4184 km)
88%
Banjul (Gambia)Gambia (1120 km)
76%
Saint-Louis (Senegal)Senegal (1641 km)
72%

Distribuzione punteggi

Percentile per numero di risposta

Percentuale di utenti per punteggio

I tuoi punteggi nel tempo

Non hai fatto questo quiz